- Langer, Sergio,
Entry Nombre Personal
001 - NUMERO DE CONTROL
- campo de control: 46271
003 - IDENTIFICADOR DE NUMERO DE CONTROL
- campo de control: DLC
005 - FECHA Y HORA DE LA ÜLTIMA TRANSACCIÓN
- campo de control: 20220909161653.0
008 - DATOS DE LONGITUD FIJA
- campo de control de longitud fija: 220909n| azannaabn |n aaa
010 ## - NÚMERO DE CONTROL DE LA BIBLIOTECA DEL CONGRESO
- Número de control LC: n 2001012066
035 ## - NUMERO DE CONTROL
- Número de control: (OCoLC)oca05566498
040 ## - FUENTE DE CATALOGACIÓN
- Agencia original de catalogación: DLC
- Lenguaje de catalogación: spa
- Description conventions: rda
- Agencia de transcripción: DLC
- Agencia que lo modifica: NcU
046 ## - FECHAS CON CODIFICACIÓN ESPECIAL
- Fecha de nacimiento: 1959-06-25
- Fuente del formato de fecha: edtf
100 1# - ENCABEZAMIENTO - NOMBRE PERSONAL
- Nombre personal: Langer, Sergio,
- Fechas asociadas con el nombre: 1959-
370 ## - LUGAR ASOCIADO
- Place of birth: Buenos Aires (Argentina)
- Fuente del término: naf
375 ## - GÉNERO
- Gender: masculino
377 ## - LENGUA ASOCIADA
- Language code: spa
670 ## - FUENTE EN LA QUE SE LOCALIZARON DATOS
- Cita de la fuente: Langer, Sergio. Blanco y negro, c2000:
- Información localizada: portada (Sergio Langer) página 3 de la cubierta (b. June 25, 1959 in Buenos Aires; caricaturista)
670 ## - FUENTE EN LA QUE SE LOCALIZARON DATOS
- Cita de la fuente: Lápiz japonés. 3, diciembre de 1996:
- Información localizada: reverso de la portada (editores responsables: Sergio Langer, Diego Bianchi)
670 ## - FUENTE EN LA QUE SE LOCALIZARON DATOS
- Cita de la fuente: Cervantes para principiantes, 2004:
- Información localizada: portada (Sergio Langer)
902 ## - CATALOGADOR
- Catalogador: VAGG/090922
